000 00717nam a2200241 a 4500
001 BRCA_4470
005 20190320204700.0
008 080910s1909----enka######---#000-0#eng-#
041 _aeng
044 _aenk
050 4 _aDP17
_b.C35 12
_c1909
100 1 _aCalvert, Albert F.
_d1872-1946
_911330
245 1 0 _aThe Escorial
_cBy Albert F. Calvert.
260 _aLondres : Nueva York
_bJohn Lane, The Bodley Head
_c1909
300 _axxiii, 72 p. (v.12)
_bil., 278 p.
_c20 cm.
440 0 _aThe spanish series
_v12
_911331
500 _aIncluye índice de ilustraciones
500 _aIncluye 2 apéndices
500 _aCEO18
650 1 4 _aArquitectura religiosa
_zEspaña
_97863
902 _aGFM
942 _2lcc
_cB
999 _c4176
_d4176